| 000 | 00588nam a2200205Ia 4500 | ||
|---|---|---|---|
| 003 | OSt | ||
| 005 | 20230421092234.0 | ||
| 008 | 210423s2007 xx 000 0 und d | ||
| 020 | _a9780415285414 | ||
| 040 | _cAL | ||
| 041 | _aeng | ||
| 082 | _a811.509 BEAR | ||
| 100 |
_aBEASLEY (Rebecca). _991264 |
||
| 245 | _aTheorists of modernist poetry:T.S eliot, T.E halme, ezrapound. | ||
| 260 |
_aLondon _bRoutledge _c2007 |
||
| 300 |
_ax,144 _bPB |
||
| 365 |
_b1097 _cINR |
||
| 906 | _aeliot, ; ezrapound. ; halme, ; modernist ; poetry. ; poetry:T.S ; T.E ; Theorists | ||
| 942 |
_2ddc _cBK |
||
| 999 |
_c160407 _d160407 |
||